| 000 | 00483 a2200169 4500 | ||
|---|---|---|---|
| 003 | OSt | ||
| 005 | 20231122121250.0 | ||
| 008 | 231122b |||||||| |||| 00| 0 eng d | ||
| 020 | _a9789389688086 | ||
| 040 | _coclc | ||
| 082 |
_a580.12 _bSIN/P |
||
| 100 |
_aSingh, Gurucharan _99928 |
||
| 245 |
_aPlant systematics / _cGurucharan Singh |
||
| 260 |
_aNew Delhi: _bC B S Publishers, _c2020. |
||
| 300 | _a418p | ||
| 942 |
_2ddc _cBK _h580.12 _iSIN/P _k580.12 _mSIN/P |
||
| 999 |
_c43646 _d43646 |
||